[Event "LiSB-ch Veterans"]
[Site "Stein"]
[Date "2002.12.08"]
[Round "5"]
[White "Tammen, Fred"]
[Black "Claes, Peter"]
[Result "0-1"]
[WhiteElo "1639"]
[BlackElo "1691"]
[PlyCount "74"]
[EventDate "2002.11.30"]
[EventType "swiss"]
[EventRounds "5"]
[EventCountry "NED"]
[SourceTitle "EXT 2013"]
[Source "ChessBase"]
[SourceDate "2012.11.22"]
[SourceVersion "1"]
[SourceVersionDate "2012.11.22"]
[SourceQuality "1"]

1. f4 c5 2. Nf3 d6 3. g3 Nc6 4. Bg2 Nf6 5. 0-0 g6 6. d3 Bg7 7. e4 Qb6 8. Qe1 c4+ 9. Qf2 Qxf2+ 10. Rxf2 Ng4 11. Rd2 Ne3 12. Re2 Nxg2 13. Kxg2 Bg4 14. Nbd2 cxd3 15. cxd3 Nb4 16. d4 Nc2 17. Rb1 Bxd4 18. Nxd4 Nxd4 19. Re3 Rc8 20. Nb3 Rc2+ 21. Kh1 Nf3 22. Rxf3 Bxf3+ 23. Kg1 Bxe4 24. Be3 Rg2+ 25. Kf1 Bxb1 26. Kxg2 Bxa2 27. Nc1 Bd5+ 28. Kf2 a6 29. Bd4 f6 30. Nd3 Kd7 31. Nb4 Bc6 32. Nxc6 Kxc6 33. g4 e5 34. fxe5 fxe5 35. Bc3 Rf8+ 36. Ke3 Rf4 37. h3 Kd5 0-1

[Event "LiSB-ch Veterans"]
[Site "Stein"]
[Date "2002.12.07"]
[Round "4"]
[White "Claes, Peter"]
[Black "Michon, John"]
[Result "1-0"]
[WhiteElo "1691"]
[BlackElo "1689"]
[PlyCount "77"]
[EventDate "2002.11.30"]
[EventType "swiss"]
[EventRounds "5"]
[EventCountry "NED"]
[SourceTitle "EXT 2013"]
[Source "ChessBase"]
[SourceDate "2012.11.22"]
[SourceVersion "1"]
[SourceVersionDate "2012.11.22"]
[SourceQuality "1"]

1. d4 d5 2. c4 c6 3. Nc3 Nf6 4. cxd5 cxd5 5. e3 Nc6 6. Nf3 e6 7. Be2 Bd6 8. 0-0 a6 9. a3 0-0 10. Qc2 Bd7 11. e4 dxe4 12. Nxe4 Be7 13. Nc5 b5 14. Bf4 Nd5 15. Bg3 Bf6 16. Nxd7 Qxd7 17. Ne5 Nxe5 18. dxe5 Rac8 19. Qe4 Bd8 20. Rfd1 Bb6 21. Bd3 g6 22. h4 f5 23. exf6 Nxf6 24. Qe2 Qf7 25. a4 bxa4 26. Bxa6 Nh5 27. Bxc8 Nxg3 28. Qxe6 Bxf2+ 29. Kh2 Qxe6 30. Bxe6+ Kg7 31. Rxa4 Nh5 32. Rd3 Nf4 33. Rd7+ Kh6 34. Bc4 Rf5 35. Bg8 Kh5 36. Rxh7+ Kg4 37. Be6 Bxh4 38. Bxf5+ gxf5 39. Rxh4+ 1-0

[Event "LiSB-ch Veterans"]
[Site "Stein"]
[Date "2002.12.01"]
[Round "2"]
[White "Claes, Peter"]
[Black "Schreinemachers, Jo"]
[Result "1/2-1/2"]
[WhiteElo "1691"]
[BlackElo "1619"]
[PlyCount "48"]
[EventDate "2002.11.30"]
[EventType "swiss"]
[EventRounds "5"]
[EventCountry "NED"]
[SourceTitle "EXT 2013"]
[Source "ChessBase"]
[SourceDate "2012.11.22"]
[SourceVersion "1"]
[SourceVersionDate "2012.11.22"]
[SourceQuality "1"]

1. d4 d5 2. Nf3 c6 3. e3 Nf6 4. Bd3 Bg4 5. Nbd2 e6 6. c3 Nbd7 7. Qb3 Qc7 8. Ne5 Nxe5 9. dxe5 Nd7 10. f4 Nc5 11. Qc2 Nxd3+ 12. Qxd3 Be7 13. 0-0 0-0 14. Nf3 c5 15. h3 Bf5 16. Qe2 Rad8 17. Bd2 Qb6 18. Be1 c4 19. Rf2 Bd3 20. Qd2 Qc5 21. Nd4 Bh4 22. Rf3 Bxe1 23. Rxe1 b5 24. b4 Qb6 1/2-1/2

[Event "LiSB-ch Veterans"]
[Site "Stein"]
[Date "2002.12.01"]
[Round "3"]
[White "De Wit, Gerrit"]
[Black "Claes, Peter"]
[Result "1/2-1/2"]
[WhiteElo "1642"]
[BlackElo "1691"]
[PlyCount "93"]
[EventDate "2002.11.30"]
[EventType "swiss"]
[EventRounds "5"]
[EventCountry "NED"]
[SourceTitle "EXT 2013"]
[Source "ChessBase"]
[SourceDate "2012.11.22"]
[SourceVersion "1"]
[SourceVersionDate "2012.11.22"]
[SourceQuality "1"]

1. e4 c5 2. Nf3 d6 3. d4 cxd4 4. Nxd4 Nf6 5. Nc3 a6 6. a4 e6 7. Be2 Be7 8. 0-0 0-0 9. Nb3 Nc6 10. f4 Qc7 11. Kh1 Rd8 12. Bf3 Rb8 13. Qe2 e5 14. f5 Bd7 15. a5 Na7 16. Be3 Nc8 17. g4 Bc6 18. g5 Ne8 19. Rg1 Bf8 20. g6 fxg6 21. fxg6 h6 22. Raf1 Nf6 23. Bg2 Qe7 24. Qf3 d5 25. Bxh6 dxe4 26. Qf2 Ng4 27. Qf7+ Qxf7 28. gxf7+ Kh7 29. Bg5 Ne7 30. Bxe4+ Bxe4+ 31. Nxe4 Nh6 32. Nbc5 Rd5 33. Ne6 Ng6 34. h4 Nh8 35. b4 N6xf7 36. Bf6 Nd6 37. Nxf8+ Rxf8 38. Rxg7+ Kh6 39. Ng5 Rxf6 40. Rh7+ Kg6 41. Rxf6+ Kxf6 42. Rxh8 e4 43. c4 Rd1+ 44. Kg2 e3 45. Rh6+ Kf5 46. Re6 Nxc4 47. Kf3 1/2-1/2